[Event "Challenge"]
[Site "http://www.queenalice.com/game.php?id=217300"]
[Date "2007.5.28"]
[Round "-"]
[White "scalanguin"]
[Black "eduxarapov"]
[Result "1-0"]
[WhiteElo "1624"]
[BlackElo "1461"]

1. d4 Nf6 2. c4 d5 3. Nc3 Bf5 4. Bf4 c6 5. cxd5 cxd5 6. Nb5 Qa5+ 7. Nc3 e6 8.
Nf3 Nc6 9. e3 a6 10. Be2 Bb4 11. Qc1 O-O 12. O-O Rac8 13. Qd2 Ne4 14. Qe1 Nxc3
15. bxc3 Bxc3 16. Qd1 Bxa1 17. Qxa1 Nb4 18. a3 Nc2 19. Qb2 Nxa3 20. Qa2 Rc2 21.
Qa1 Rxe2 22. Bd6 Rc8 23. Bxa3 Rc3 24. Bb2 1-0

[Event "AUTO-INT-474"]
[Site "http://www.queenalice.com/game.php?id=217390"]
[Date "2007.5.28"]
[Round "1"]
[White "Be0wulf"]
[Black "scalanguin"]
[Result "0-1"]
[WhiteElo "1414"]
[BlackElo "1665"]

1. e4 c5 2. f4 d6 3. Nf3 g6 4. d4 Bg7 5. c3 cxd4 6. cxd4 f5 7. e5 dxe5 8. Bb5+
Bd7 9. Bxd7+ Qxd7 10. dxe5 Qxd1+ 11. Kxd1 Nc6 12. Be3 O-O-O+ 13. Ke2 h6 14. a3
e6 0-1

[Event "AUTO-INT-474"]
[Site "http://www.queenalice.com/game.php?id=217391"]
[Date "2007.5.28"]
[Round "1"]
[White "scalanguin"]
[Black "Be0wulf"]
[Result "1-0"]
[WhiteElo "1671"]
[BlackElo "1408"]

1. d4 Nf6 2. c4 e6 3. Nf3 d5 4. Bg5 Bb4+ 5. Nc3 c5 6. dxc5 Nc6 7. e3 Qa5 8. Bxf6
gxf6 9. Qc2 Qxc5 10. Be2 Rg8 11. g3 f5 12. O-O d4 13. exd4 Nxd4 14. Nxd4 Qxd4
15. Rad1 1-0

[Event "AUTO-INT-474"]
[Site "http://www.queenalice.com/game.php?id=217406"]
[Date "2007.5.28"]
[Round "1"]
[White "scalanguin"]
[Black "Milton"]
[Result "1-0"]
[WhiteElo "1634"]
[BlackElo "1617"]

1. d4 d5 2. c4 e6 3. Nf3 Nf6 4. Nc3 c6 5. Bg5 Nbd7 6. e3 Qa5 7. Be2 Ne4 8. Qc2
Bb4 9. O-O Nxc3 10. bxc3 Bxc3 11. Rac1 Bb4 12. c5 O-O 13. a3 Bxa3 14. Ra1 b6 15.
Qb3 h6 16. Rxa3 Nxc5 17. Qa2 Qb4 18. Rb1 Qxb1+ 19. Qxb1 b5 20. Be7 Re8 21. Bxc5
f5 22. Rxa7 Rxa7 23. Bxa7 g5 24. g3 g4 25. Ne5 Bb7 26. f3 gxf3 27. Bxf3 Ra8 28.
Bc5 b4 29. Bxb4 Ba6 30. g4 Rf8 31. Bxf8 Kxf8 32. Qb8+ 1-0

[Event "AUTO-INT-474"]
[Site "http://www.queenalice.com/game.php?id=217407"]
[Date "2007.5.28"]
[Round "1"]
[White "Milton"]
[Black "scalanguin"]
[Result "0-1"]
[WhiteElo "1663"]
[BlackElo "1573"]

1. e4 c5 2. Nf3 d6 3. d4 cxd4 4. Nxd4 Nc6 5. Nxc6 bxc6 6. Nc3 Nf6 7. g3 g6 8.
Bg5 Bg7 9. Qf3 O-O 10. O-O-O Bg4 11. Qf4 Bxd1 12. Kxd1 Nh5 13. Qf3 Bxc3 14. Qxc3
Rc8 15. Bh6 Re8 16. g4 Nf6 17. g5 e5 18. gxf6 Qxf6 19. Be3 Qf3+ 20. Be2 Qxh1+
21. Kd2 d5 22. Ba6 Rc7 23. exd5 Qxd5+ 24. Ke2 Rd7 25. Bg5 Qd1+ 26. Ke3 Qc1+ 27.
Ke4 Qxg5 28. Qxc6 Qf4# 0-1

[Event "Challenge"]
[Site "http://www.queenalice.com/game.php?id=219060"]
[Date "2007.5.31"]
[Round "-"]
[White "scalanguin"]
[Black "alvarogoulart"]
[Result "1/2-1/2"]
[WhiteElo "1672"]
[BlackElo "1743"]

1. d4 d5 2. c4 Nf6 3. Nc3 dxc4 4. e3 Bf5 5. Bxc4 e6 6. Nf3 Bb4 7. Bd2 Bxc3 8.
Bxc3 O-O 9. O-O a6 10. a4 Nc6 11. b4 Ne4 12. Bd2 Bg4 13. Be2 Bxf3 14. Bxf3 Nxd2
15. Qxd2 Qd6 16. b5 axb5 17. axb5 Qb4 18. Qxb4 Nxb4 19. Bxb7 Rab8 20. Bc6 Nxc6
21. bxc6 Rb6 22. Rfc1 Rc8 23. g3 g6 24. Kg2 f5 25. Ra5 Kf7 26. Kf3 Ke7 27. h4
Kd6 28. Rac5 Ra8 29. Kf4 h6 30. g4 fxg4 31. Kxg4 Raa6 32. h5 g5 33. f4 gxf4 34.
Kxf4 Ra2 35. R1c2 Ra1 36. Rc1 Rab1 37. Ke4 R1b2 38. R1c2 1/2-1/2

[Event "Challenge"]
[Site "http://www.queenalice.com/game.php?id=219061"]
[Date "2007.5.31"]
[Round "-"]
[White "alvarogoulart"]
[Black "scalanguin"]
[Result "0-1"]
[WhiteElo "1750"]
[BlackElo "1675"]

1. e4 c5 2. Bc4 d6 3. Nf3 Nf6 4. d3 g6 5. Ng5 e6 6. Nc3 Bg7 7. O-O O-O 8. h3 a6
9. Bd2 Nc6 10. a3 b5 11. Ba2 d5 12. exd5 exd5 13. Qf3 Ne5 14. Qf4 Nc6 15. Rae1
c4 16. dxc4 dxc4 17. Nce4 Bb7 18. Qh4 h5 19. Qf4 Nxe4 20. Nxe4 Bxb2 21. Bc3 Bxc3
22. Nxc3 Qd4 23. Qxd4 Nxd4 24. Bb1 Rfe8 25. Rxe8+ Rxe8 26. Nd1 Kg7 27. Ne3 Ne2+
28. Kh2 Nc3 29. g3 Rd8 30. h4 Rd2 31. Kh3 Nxb1 32. Rxb1 Rxf2 33. Rd1 Re2 34. Nd5
Bxd5 35. Rxd5 Rxc2 36. Rd6 Ra2 37. Rxa6 b4 38. a4 c3 39. a5 c2 40. Rc6 b3 41. a6
Ra1 42. g4 hxg4+ 43. Kxg4 c1=Q 44. Rxc1 Rxc1 45. a7 Ra1 0-1

[Event "Challenge"]
[Site "http://www.queenalice.com/game.php?id=249200"]
[Date "2007.8.1"]
[Round "-"]
[White "scalanguin"]
[Black "romerov"]
[Result "1-0"]
[WhiteElo "1694"]
[BlackElo "1810"]

1. e4 c6 2. c4 d6 3. d4 Nf6 4. Nc3 e6 5. Bg5 Be7 6. Nf3 O-O 7. Be2 h6 8. Bh4
Nbd7 9. O-O a6 10. a3 b5 11. b3 Bb7 12. a4 bxc4 13. Bxc4 d5 14. exd5 cxd5 15.
Bd3 Rc8 16. Rc1 Ne8 17. Bxe7 Qxe7 18. Qd2 Nd6 19. Ne2 Nf6 20. Qa5 Qd7 21. Qb6
Rb8 22. Bxa6 Ba8 23. Qa5 Rxb3 24. Rb1 Rfb8 25. Ra1 Rb2 26. Nc3 Nfe4 27. Nxe4
Nxe4 28. Bb5 Bc6 29. Ne5 R8xb5 30. axb5 Qd6 31. Nxc6 Qf4 32. b6 Nxf2 33. Qe1 Qd6
34. Rxf2 Rxf2 35. Qxf2 Qxc6 36. Rb1 1-0

[Event "Challenge"]
[Site "http://www.queenalice.com/game.php?id=249972"]
[Date "2007.8.3"]
[Round "-"]
[White "mandacaru"]
[Black "scalanguin"]
[Result "1-0"]
[WhiteElo "1513"]
[BlackElo "1717"]

1. e4 c5 2. Nc3 d6 3. Nf3 g6 4. b3 Bg7 5. Bb2 Nf6 6. Bb5+ Bd7 7. O-O O-O 8. Ng5
a6 9. Bc4 b5 10. Bd3 Nc6 11. Qf3 Rc8 12. a4 bxa4 13. Bxa6 Ra8 14. Rxa4 Nd4 15.
Qd3 Bxa4 16. Nxa4 Qa5 17. Bc4 Nd7 18. Qh3 Nf6 19. c3 h6 20. Bxf7+ Rxf7 21. Nxf7
Kxf7 22. cxd4 Qxd2 23. dxc5 dxc5 24. Bc1 Qd7 25. Qxd7 Nxd7 26. f4 c4 27. f5 cxb3
28. fxg6+ Kxg6 29. Rf3 Rxa4 30. Rg3+ Kh7 31. Rxb3 Rxe4 32. Kf2 Rc4 33. Be3 Ne5
34. Rb7 Ng4+ 35. Kf3 Nxe3 36. Kxe3 Bf6 37. g3 Kg6 38. Kd3 Rc3+ 39. Ke4 Rc2 40.
h4 Rb2 41. Rd7 Kh5 42. Kf4 Rb4+ 43. Kf5 1-0

[Event "Challenge"]
[Site "http://www.queenalice.com/game.php?id=254639"]
[Date "2007.8.12"]
[Round "-"]
[White "scalanguin"]
[Black "natasha"]
[Result "1-0"]
[WhiteElo "1685"]
[BlackElo "1647"]

1. d4 c5 2. c3 g6 3. dxc5 e5 4. e4 Bxc5 5. Nf3 d6 6. h3 Nc6 7. Bb5 Ne7 8. O-O
O-O 9. Bh6 Re8 10. Bc4 Na5 11. Qd3 Nxc4 12. Qxc4 Be6 13. Qd3 Qd7 14. Nbd2 b5 15.
a3 Rac8 16. Rac1 Qc6 17. Be3 f5 18. Rfe1 Bxe3 19. Qxe3 Kg7 20. Qxa7 f4 21. Ng5
Bd7 22. Qa5 h6 23. Ngf3 g5 24. Qb4 Ng8 25. c4 Qb6 26. cxb5 Rxc1 27. Rxc1 Nf6 28.
a4 Kg6 29. Nb3 1-0

[Event "Challenge"]
[Site "http://www.queenalice.com/game.php?id=254640"]
[Date "2007.8.12"]
[Round "-"]
[White "scalanguin"]
[Black "victormpo"]
[Result "0-1"]
[WhiteElo "1699"]
[BlackElo "1674"]

1. d4 d5 2. c4 c6 3. Bf4 Na6 4. e3 e6 5. cxd5 cxd5 6. Bxa6 Qa5+ 7. Nc3 Qxa6 8.
Nge2 Bd6 9. O-O Bxf4 10. Nxf4 Nf6 11. Na4 Qd6 12. Nc5 b6 13. Qa4+ Bd7 14. Nxd7
Nxd7 15. Nd3 O-O 16. Rac1 a5 17. Rc6 Qb8 18. Rfc1 Nf6 19. Qb5 Qe8 20. Qxb6 Qd7
21. Ne5 Qa7 22. Qxa7 Rxa7 23. f3 Raa8 24. Rb6 Rfd8 25. Rc5 a4 26. Rbb5 h6 27.
Ra5 Kh7 28. Rxa8 Rxa8 29. Rc7 Rb8 30. Rc2 Kg8 31. Kf2 Ne8 32. Nc6 Rb7 33. Na5
Rb6 34. g4 Nd6 35. Ke2 f5 36. h3 g5 37. Kd3 Kf7 38. Nc6 Kf6 39. a3 f4 40. Nb4
Nc4 41. exf4 gxf4 42. Kc3 Kg5 43. Nd3 Rb3# 0-1

[Event "Challenge"]
[Site "http://www.queenalice.com/game.php?id=254641"]
[Date "2007.8.12"]
[Round "-"]
[White "scalanguin"]
[Black "janinhobsb"]
[Result "0-1"]
[WhiteElo "1672"]
[BlackElo "1735"]

1. d4 d5 2. c4 Nf6 3. Bf4 Nc6 4. e3 Bf5 5. Nc3 e6 6. Nf3 Be7 7. Be2 O-O 8. O-O
Nh5 9. Qc2 Bxc2 10. cxd5 exd5 0-1

[Event "AUTO-INT-474"]
[Site "http://www.queenalice.com/game.php?id=306201"]
[Date "2007.11.18"]
[Round "2"]
[White "joaoreis001"]
[Black "scalanguin"]
[Result "1-0"]
[WhiteElo "1889"]
[BlackElo "1721"]

1. e4 c5 2. Nf3 d6 3. Bc4 g6 4. Ng5 e6 5. d3 Bh6 6. h4 Bxg5 7. Bxg5 f6 8. Bf4 d5
9. exd5 exd5 10. Qe2+ Ne7 11. O-O dxc4 12. dxc4 O-O 13. Nc3 a6 14. Rfe1 Nbc6 15.
Rad1 Qb6 16. b3 Bf5 17. Na4 Qa7 18. Bd6 b5 19. Bxc5 Qb7 20. Nb6 Rab8 21. g4 Bc8
22. Nxc8 Rbxc8 23. Qe6+ Kg7 24. Rd7 Qb8 25. Bd6 Qa8 26. Bxe7 1-0

[Event "AUTO-INT-474"]
[Site "http://www.queenalice.com/game.php?id=306202"]
[Date "2007.11.18"]
[Round "2"]
[White "scalanguin"]
[Black "joaoreis001"]
[Result "1-0"]
[WhiteElo "1699"]
[BlackElo "1793"]

1. d4 d5 2. c4 Nf6 3. cxd5 Bf5 4. Nc3 Nxd5 5. Nf3 Nb4 6. e4 Bg4 7. Be2 f5 8.
exf5 Bxf5 9. O-O e6 10. d5 exd5 11. Ne5 Nc2 12. Rb1 Nb4 13. Ra1 d4 14. Nb5 c5
15. Bc4 Bc2 16. Qh5+ g6 17. Bf7+ Ke7 18. Qg5# 1-0